| 000 | 00597nam a2200217Ia 4500 | ||
|---|---|---|---|
| 003 | OSt | ||
| 005 | 20220926040502.0 | ||
| 006 | a|||||r|||| 00| 0 | ||
| 007 | ta | ||
| 008 | 220923b |||||||| |||| 00| 0 eng d | ||
| 037 | _cGeneral Book | ||
| 040 |
_aRTL _cRTL _beng |
||
| 041 |
_2eng _aeng |
||
| 082 | _aX:9914:(V73).N6, K4 | ||
| 100 |
_aLevitan S. A. _9343710 |
||
| 245 | 0 | _aFederal manpower policies and programs to combat u | |
| 260 | _c1964 | ||
| 650 |
_aUnemployment _9231991 |
||
| 942 |
_hX:9914:(V73).N6, K4 _cGB _2CC |
||
| 999 |
_c664907 _d664907 |
||